Southville International School and Colleges
Your cart is empty.
  • Cart
  • Lists
    Public lists Eva Luna New books Lux_list list_1
    Your lists Log in to create your own lists
  • Log in to your account
  • Your cookies
  • Search history
Southville International School and Colleges
  • Advanced search
  • Recent comments
  • Most popular
  • Libraries

Log in to your account

Log in with GOOGLE


If you do not have an external account, but do have a local account, you can still log in:

  1. Home
  2. MARC view: Harry Potter and the prisoner of azkaban /
Normal view MARC view ISBD view

Harry Potter and the prisoner of azkaban / (Record no. 283969)

[ view plain ]
MARC details
000 -LEADER
fixed length control field 00694nam a2200241Ia 4500
003 - CONTROL NUMBER IDENTIFIER
control field PILC
005 - DATE AND TIME OF LATEST TRANSACTION
control field 20150512112040.0
008 - FIXED-LENGTH DATA ELEMENTS--GENERAL INFORMATION
fixed length control field 140130s9999 xx 000 0 und d
020 ## - INTERNATIONAL STANDARD BOOK NUMBER
International Standard Book Number 9780439136365
020 ## - INTERNATIONAL STANDARD BOOK NUMBER
International Standard Book Number 0439136369
050 ## - LIBRARY OF CONGRESS CALL NUMBER
Classification number PZ 7
Item number .R797 2001
100 ## - MAIN ENTRY--PERSONAL NAME
Personal name Rowling, J.K.
9 (RLIN) 17401
245 ## - TITLE STATEMENT
Title Harry Potter and the prisoner of azkaban /
Statement of responsibility, etc J.K. Rowling ; illustrations by Mary GrandPre.
260 ## - PUBLICATION, DISTRIBUTION, ETC. (IMPRINT)
Place of publication, distribution, etc New York :
Name of publisher, distributor, etc Scholastic,
Date of publication, distribution, etc 2001.
300 ## - PHYSICAL DESCRIPTION
Extent ix, 435 pages :
Other physical details illustrations ;
Dimensions 24 cm.
440 ## - SERIES STATEMENT/ADDED ENTRY--TITLE
Volume number/sequential designation 1
9 (RLIN) 31174
500 ## - GENERAL NOTE
General note Spine : Year 3
526 ## - STUDY PROGRAM INFORMATION NOTE
Reading level 880
650 ## - SUBJECT ADDED ENTRY--TOPICAL TERM
Topical term or geographic name as entry element Harry Potter.
700 ## - ADDED ENTRY--PERSONAL NAME
Personal name GrandPre, Mary,
Relator term illustrator.
942 ## - ADDED ENTRY ELEMENTS (KOHA)
Koha item type Books
Source of classification or shelving scheme Library of Congress Classification
Holdings
Withdrawn status Lost status Source of classification or shelving scheme Damaged status Home library Current library Shelving location Date acquired Source of acquisition Sub Shelving location Total Checkouts Full call number Barcode Date last seen Date checked out Price effective from Koha item type
    Library of Congress Classification   College Library College Library Fiction Section 05/12/2015 Library Fund   4 PZ 7 .R797 2001 C19275 08/02/2025 07/25/2025 05/12/2015 Books

Harry Potter and the prisoner of azkaban /

APA

Rowling J., GrandPre M., . (2001). Harry Potter and the prisoner of azkaban. New York: Scholastic.

Chicago

Rowling J.K, GrandPre Mary, . 2001. Harry Potter and the prisoner of azkaban. New York: Scholastic.

Harvard

Rowling J., GrandPre M., . (2001). Harry Potter and the prisoner of azkaban. New York: Scholastic.

MLA

Rowling J.K, GrandPre Mary, . Harry Potter and the prisoner of azkaban. New York: Scholastic. 2001.

  • Place hold
  • Print
  • Cite
  • Add to your cart (remove)
  • Save record
    BIBTEX Dublin Core MARCXML MARC (non-Unicode/MARC-8) MARC (Unicode/UTF-8) MARC (Unicode/UTF-8, Standard) MODS (XML) RIS
  • More searches
    Search for this title in:
    Other Libraries (WorldCat) Other Databases (Google Scholar) Online Stores (Bookfinder.com) Open Library (openlibrary.org)

Exporting to Dublin Core...

SOUTHVILLE LIBRARY

Southville International School and Colleges Library

1281 Tropical Ave. Cor. Luxembourg St., BF Homes International, Las Pinas City

Tel. No. 8256374 / 252358 Loc. 117/146

Powered by Koha